Rappers By Their Debut Album #4 - Statistics

General Stats
  • This quiz has been taken 29 times
  • The average score is 7 of 15
Answer Stats
Album Rapper % Correct
Illmatic Nas
83%
Baby On Baby DaBaby
79%
Pluto Future
79%
Drip Season Gunna
75%
So Much Fun Young Thug
67%
Doris Earl Sweatshirt
58%
Heaven Or Hell Don Toliver
50%
Blue Slide Park Mac Miller
50%
Can I Borrow A Dollar? Common
33%
Trap House Gucci Mane
33%
Bobby Digital in Stereo RZA
25%
The Hybrid Danny Brown
21%
Thuggin' Under The Influence Jeezy
17%
Bucket List Project Saba
17%
Quality Talib Kweli
17%
No matching quizzes found
Score Distribution
Percent of People with Each Score
Percentile by Number Answered
Your Score History
You have not taken this quiz